000 02279nam0a2200385 4500
001 RU\NLR\bibl\1142101
005 20260409074514.0
010 _a978-5-7695-4129-2
_92000
021 _aRU
_b2007-59818
_93196
035 _a(nilc)RSL-KNO-003185522
035 _a(NLR Aleph) 001128954
090 _a1345607
_c1345607
100 _a20070906d2007 |||y0rusy50 ca
101 0 _arus
102 _aRU
105 _ay |||||||||
200 1 _aПсихолого-педагогическая диагностика
_eучебное пособие для студентов высших учебных заведений, обучающихся по специальностям "Тифлопедагогика", "Сурдопедагогика", "Олигофренопедагогика", "Логопедия", "Специальная психология", "Специальная дошкольная педагогика и психология"
_f[И.Ю. Левченко и др.]
_gпод ред. И.Ю. Левченко, С.Д. Забрамной
205 _a4-е изд., стер.
210 _aМосква
_cАкадемия
_d2007
215 _a318, [1] с.
_d22
225 1 _aВысшее профессиональное образование
_iПедагогические специальности
225 1 _aУчебное пособие
320 _aБиблиогр. в конце гл.
606 1 _aДети с ограниченными возможностями здоровья
_jУчебные издания для высших учебных заведений
_xПсиходиагностика
_92319777
_3RU\NLR\AUTH\6601612841
606 _aКоррекционная (специальная) педагогика
_jУчебные издания для высших учебных заведений
_92160726
_3RU\NLR\auth\661300383
686 1 _aЮ948.2в6я73
686 1 _aЧ430я73-1
702 1 _4220
_7ca
_8rus
_aЛевченко
_bИ. Ю.
_cд-р психол. наук
_gИрина Юрьевна
_9107160
_3RU\NLR\auth\77124235
801 0 _aRU
_bРКП
_c20070906
_grcr
801 1 _aRU
_bРГБ
_c20070906
801 2 _aRU
_bNLR
_c20071017
_grcr
942 _cBOOK
980 _aNB